| Tag |
First Indicator |
Second Indicator |
Subfields |
| LEADER |
00000cam a2200000 a 4500 |
| 001 |
in00001513613 |
| 005 |
20151021104153.0 |
| 008 |
990712s1999 enka b 001 0 eng c |
| 010 |
|
|
|a 99062165
|
| 015 |
|
|
|a GB99-X6355
|
| 020 |
|
|
|a 0122203607
|
| 035 |
|
|
|a (OCoLC)41464988
|
| 035 |
|
|
|9 AJL3200AM
|
| 040 |
|
|
|a UKM
|c UKM
|d OBE
|d TXA
|d UtOrBLW
|
| 049 |
|
|
|a TXAM
|
| 082 |
0 |
4 |
|a 579.2138
|2 21
|
| 090 |
|
|
|a QR370
|b .O75 1999
|
| 096 |
|
|
|a QW 160
|b O71 1999
|
| 245 |
0 |
0 |
|a Origin and evolution of viruses /
|c edited by Esteban Domingo, Robert Webster, John Holland.
|
| 264 |
|
1 |
|a San Diego, Calif. :
|b Academic Press,
|c [1999]
|
| 264 |
|
4 |
|c ©1999
|
| 300 |
|
|
|a viii, 499 :
|b illustrations ;
|c 27 cm.
|
| 336 |
|
|
|a text
|b txt
|2 rdacontent
|
| 337 |
|
|
|a unmediated
|b n
|2 rdamedia
|
| 338 |
|
|
|a volume
|b nc
|2 rdacarrier
|
| 504 |
|
|
|a Includes bibliographical references and index.
|
| 505 |
0 |
|
|a Nature and evolution of early replicons / Peter Schuster, Peter F. Stadler -- Virus origins: conjoined RNS genomes as precursors to DNA genomes / Hugh D. Robertson, Olivia D. Neel -- Viroids in plants: shadows and footprints of a primitive RNA / J. S. Semancik, N. Duran-Vila -- Mutation, competition and selection as measured with small RNA molecules / Christof K. Biebricher -- The fidelity of cellular and viral polymerases and its manipulation for hypermutagenesis / Andreas Meyerhans, Jean-Pierre Vartanian -- Drift and conservatism in RNA virus evolution: are they adapting or merely changing? / Monica Sala, Simon Wain-Hobson -- Viral quasispecies and fitness variations / Esteban Domingo, Cristina Escarmʹis, Luis Menʹendez-Arias [et al.] -- The retroid agents: disease, function and evolution / Marcella A. McClure -- Dynamics of HIV pathogenesis and treatment / Dominik Wodarz, Martin A. Nowak -- Interplay between experiment and theory in development of a working model for HIV-1 population dynamics / I. M. Rouzine, J. M. Coffin -- Plant virus evolution: past, present and future / A. J. Gibbs, P. L. Keese, M. J. Gibbs [et al.] -- Genetics, pathogenesis and evolution of picornaviruses / Matthias Gromeier, Eckard Wimmer, Alexander E. Gorbalenya -- The impact of rapid evolution of the hepatitis viruses / Juan I. Esteban, Maria Martell, William F. Carman [et al.] -- Antigenic variation in influenza viruses / Robert G. Webster -- DNA virus contribution to host evolution / Luis P. Villarreal -- Parvovirus variation and evolution / Colin R. Parrish, Uwe Truyen -- The molecular evolutionary history of herpesviruses / Duncan J. McGeoch, Andrew J. Davison -- African swine fever virus: a missing link between poxviruses and iridoviruses? / Josʹe Salas, Marʹia L. Salas, Eladio Viñuela.
|
| 650 |
|
0 |
|a Viruses
|x Evolution.
|
| 650 |
1 |
2 |
|a Viruses
|x genetics.
|
| 650 |
2 |
2 |
|a Biological Evolution.
|
| 700 |
1 |
|
|a Holland, John J.
|
| 700 |
1 |
|
|a Domingo, Esteban.
|
| 700 |
1 |
|
|a Webster, Robert G.,
|d 1932-
|
| 948 |
|
|
|a c:dm
|
| 999 |
|
|
|a MARS
|
| 999 |
f |
f |
|s fbdc09ff-9e6c-329e-972f-c0067b9c76a7
|i faa06d79-e2e2-396b-908e-ff3d375f8d0d
|t 0
|
| 952 |
f |
f |
|p ric
|a Texas A&M University
|b Rellis Campus
|c Joint Library Facility
|d Remote Storage
|t 0
|e QR370 .O75 1999
|h Library of Congress classification
|i unmediated -- volume
|m A14825366127
|
| 998 |
f |
f |
|a QR370 .O75 1999
|t 0
|l Remote Storage
|